000 00266nam a2200109Ia 4500
008 190216s9999||||xx |||||||||||||| ||und||
100 _aP K Parameswaran Nair
245 0 _aAdunika Malayala Sahithyam
260 _bNull
650 _aSahithya Vimarshanam
942 _cBK
999 _c25049
_d25049